000 00511nam a2200181Ia 4500
005 20250326124934.0
008 250326s9999 xx 000 0 und d
037 _aTextbook
040 _aFMSL
_beng
_cFMSL
041 _aeng
_2eng
084 _aX:8F L4
_qFMSL
100 _aKirkman R A
_9738244
245 0 _aAccounting under inflationary conditions
_cKirkman R A
260 _aLondon
_bLondon, George Allen & Unwin
_c1974
300 _a266p
942 _cTB
_hX:8F L4
999 _c1275844
_d1275844